|
|
|
|
| LEADER |
01155nam a2200265 u 4500 |
| 001 |
10048778 |
| 003 |
upatras |
| 005 |
20210117200345.0 |
| 008 |
031110s1991 gr gre |
| 020 |
|
|
|a 9603431206
|
| 040 |
|
|
|a GR-PaULI
|c GR-PaULI
|
| 041 |
0 |
|
|a gre
|
| 082 |
0 |
4 |
|a 624.15
|
| 100 |
1 |
|
|9 17369
|a Βαλαλάς, Δημήτριος Θωμ.,
|d 1920-
|
| 245 |
1 |
0 |
|a Αντιστηρίξεις και θεμελιώσεις
|c Δημήτριος Θ. Βαλαλάς
|
| 260 |
|
|
|a Θεσσαλονίκη
|b Εκδοτικός Οίκος Αδελφών Κυριακίδη
|c 1991
|
| 300 |
|
|
|a 325 σ.
|b σχήμ., πίν.
|c 24 εκ.
|
| 504 |
|
|
|a Περιλαμβάνει βιβλιογραφία
|
| 650 |
|
4 |
|a Εδαφομηχανική
|9 3588
|
| 650 |
|
4 |
|a Θεμελιώσεις
|9 5654
|
| 852 |
|
|
|a GR-PaULI
|b ΠΑΤΡΑ
|b ΑΡΧΙΤΕΚΤΟΝΙΚΗ
|k ΑΣΧΕ-2
|h 624.15 ΒΑΛ
|m 003336
|p 025000118665
|t 1
|
| 942 |
|
|
|2 ddc
|c BK15
|
| 952 |
|
|
|0 0
|1 0
|4 0
|6 624_150000000000000_ΒΑΛ
|7 0
|9 39814
|a ARCH
|b ARCH
|d 2016-04-24
|i 003336
|l 1
|o 624.15 ΒΑΛ
|p 025000118665
|r 2019-02-08 00:00:00
|s 2019-02-01
|t 1
|w 2016-04-24
|y BK15
|
| 998 |
|
|
|c Λοτσάρη
|d 2003-11
|
| 999 |
|
|
|c 25578
|d 25578
|